| 000 | 01426nam a2200397 a 4500 | ||
|---|---|---|---|
| 001 | 52985 | ||
| 003 | BD-RjUL | ||
| 005 | 20211209075906.0 | ||
| 008 | 161002s1981 enk| s |||1 0|eng d | ||
| 020 | _a9789400958975 | ||
| 020 | _a9789400958999 (print) | ||
| 035 | _a(BD-RjUL)53105 | ||
| 040 |
_dWaSeSS _aBD-RjUL _beng _cBD-RjUL |
||
| 041 | _aeng | ||
| 072 | 7 |
_aYQS _2bicssc |
|
| 072 | 7 |
_aSCI000000 _2bisacsh |
|
| 082 | 0 | 4 |
_a519.532 _223 _bEVF 1981 |
| 100 | 1 |
_aEveritt, B. S. _9158375 |
|
| 245 | 1 | 0 |
_aFinite Mixture Distributions _cby B. S. Everitt, D. J. Hand. |
| 260 |
_aLondon : _b Chapman and Hall, _cc1981. |
||
| 300 |
_aix, 143 p. ; _b23 cm. |
||
| 490 | 1 | _aMonographs on Applied Probability and Statistics | |
| 500 | _aInclude index | ||
| 650 | 0 |
_aScience (General). _9158376 |
|
| 650 | 1 | 4 |
_aMixture distributions (Probability theory) _9158377 |
| 650 | 2 | 4 |
_aScience, general. _9158378 |
| 700 | 1 |
_aHand, D. J. _eauthor. _9154539 |
|
| 710 | 2 |
_aSpringerLink (Online service) _9151347 |
|
| 773 | 0 | _tSpringer eBooks | |
| 773 | 0 | _tSpringerLink ebooks - Mathematics and Statistics (Archive) | |
| 776 | 0 | 8 |
_iPrinted edition: _z9789400958999 |
| 830 | 0 |
_aMonographs on Applied Probability and Statistics _9158380 |
|
| 856 | 4 | 0 |
_uhttp://www.columbia.edu/cgi-bin/cul/resolve?clio11307552 _zFull text available from SpringerLink ebooks - Mathematics and Statistics (Archive) |
| 942 |
_2ddc _cBK |
||
| 999 |
_c52985 _d52985 |
||